Wszyscy piłkarze powołani na mundial 2022 - Statystyki

Ogólne statystyki
  • Ten quiz został rozwiązany 103 razy
  • Średni wynik to 184 z 831
Statystyki odpowiedzi
Reprezentacja Numer Zawodnik % Poprawnych
12 José Sá
82%
2 Ró-Ró
82%
9 Robert Lewandowski
77%
16 Carlos Martínez
73%
23 Emiliano Martínez
73%
20 Henry Martín
73%
22 Lautaro Martínez
73%
10 Lionel Messi
73%
25 Lisandro Martínez
73%
19 Almoez Ali
70%
10 Bernardo Silva
70%
5 John Stones
70%
4 Virgil van Dijk
70%
Brazylia 1 Alisson
68%
9 André Silva
68%
25 Anthony Hernández
68%
24 António Silva
68%
2 Kyle Walker
68%
21 Lucas Hernández
68%
10 Luka Modrić
68%
10 Memphis Depay
68%
10 Neymar
68%
22 Theo Hernández
68%
3 Thiago Silva
68%
Polska 1 Wojciech Szczęsny
68%
9 Boulaye Dia
66%
7 Cristiano Ronaldo
66%
23 Ederson
66%
9 Harry Kane
66%
10 Kylian Mbappé
66%
20 Phil Foden
66%
20 Piotr Zieliński
66%
17 Sang-ho Na
66%
22 Jude Bellingham
64%
7 Kevin De Bruyne
64%
11 Ousmane Dembélé
64%
9 Romelu Lukaku
64%
17 Bukayo Saka
61%
8 Cody Gakpo
61%
16 Édouard Mendy
61%
2 Formose Mendy
61%
11 Gareth Bale
61%
6 Harry Maguire
61%
Francja 1 Hugo Lloris
61%
Anglia 1 Jordan Pickford
61%
Niemcy 1 Manuel Neuer
61%
6 Nampalys Mendy
61%
16 Rodri
61%
21 Adam Davies
59%
19 Alphonso Davies
59%
11 Ángel Di María
59%
7 Arkadiusz Milik
59%
4 Ben Davies
59%
8 Bruno Fernandes
59%
10 Christian Eriksen
59%
24 Enzo Fernández
59%
9 Gavi
59%
7 Heung-min Son
59%
5 Jan Bednarek
59%
13 Jun-ho Son
59%
9 Luis Suárez
59%
5 Nathan Aké
59%
26 Pedri
59%
21 Rodrygo
59%
4 Rúben Dias
59%
Belgia 1 Thibaut Courtois
59%
23 Unai Simón
59%
7 Álvaro Morata
57%
2 Edimilson Fernandes
57%
13 Enner Valencia
57%
21 Frenkie de Jong
57%
19 Leroy Sané
57%
9 Luuk de Jong
57%
9 Mehdi Taremi
57%
7 Antoine Griezmann
55%
10 Christian Pulisic
55%
18 Dušan Vlahović
55%
4 Edson Álvarez
55%
21 İlkay Gündoğan
55%
7 Jack Grealish
55%
14 Jamal Musiala
55%
3 Jin-su Kim
55%
8 Jordan Henderson
55%
9 Julián Álvarez
55%
15 Kamil Glik
55%
26 Kevin Álvarez
55%
Kostaryka 1 Keylor Navas
55%
12 Łukasz Skorupski
55%
3 Luke Shaw
55%
8 Mateo Kovačić
55%
4 Min-jae Kim
55%
23 Moisés Caicedo
55%
15 Moon-hwan Kim
55%
20 Sergej Milinković-Savić
55%
Korea Południowa 1 Seung-gyu Kim
55%
23 Tae-hwan Kim
55%
23 Vanja Milinković-Savić
55%
19 Young-gwon Kim
55%
2 Achraf Hakimi
52%
20 Alexis Mac Allister
52%
18 Amadou Onana
52%
23 André Onana
52%
13 Cristian Romero
52%
18 Dayot Upamecano
52%
22 Denzel Dumfries
52%
Chorwacja 1 Dominik Livaković
52%
25 Eduardo Camavinga
52%
14 Jakub Kiwior
52%
20 Joško Gvardiol
52%
3 Kalidou Koulibaly
52%
8 Leon Goretzka
52%
5 Manuel Akanji
52%
13 Thomas Müller
52%
20 Vinícius
52%
6 Andreas Christensen
50%
2 Antonio Rüdiger
50%
8 Aurélien Tchouaméni
50%
5 Casemiro
50%
8 Damian Szymański
50%
20 Dani Carvajal
50%
4 Declan Rice
50%
21 Edinson Cavani
50%
21 Hyeon-woo Jo
50%
6 Joshua Kimmich
50%
5 Jules Koundé
50%
14 Luca de la Torre
50%
26 Nahuel Molina
50%
21 Nicola Zalewski
50%
16 Oliver Christensen
50%
9 Olivier Giroud
50%
13 Rasmus Kristensen
50%
9 Richarlison
50%
7 Rodrigo De Paul
50%
19 Sebastian Szymański
50%
6 Stefan de Vrij
50%
18 Trent Alexander-Arnold
50%
17 William Saliba
50%
Szwajcaria 1 Yann Sommer
50%
21 Dani Olmo
48%
15 Federico Valverde
48%
26 Gonçalo Ramos
48%
4 Ivan Perišić
48%
7 Kai Havertz
48%
22 Marc-André ter Stegen
48%
11 Marcelo Brozović
48%
3 Matthijs de Ligt
48%
10 Raheem Sterling
48%
2 Benjamin Pavard
45%
20 Facundo Torres
45%
2 Félix Torres
45%
11 Ferran Torres
45%
13 Gerson Torres
45%
10 Grzegorz Krychowiak
45%
24 Ibrahima Konaté
45%
16 Karol Świderski
45%
23 Krzysztof Piątek
45%
4 Pau Torres
45%
10 Serge Gnabry
45%
10 Bryan Ruiz
43%
13 David Raya
43%
22 Diogo Costa
43%
14 Erick Sánchez
43%
7 Hakim Ziyech
43%
25 Jérémy Doku
43%
20 João Cancelo
43%
18 Jordi Alba
43%
19 Jorge Sánchez
43%
2 Jurriën Timber
43%
22 Kamil Grabara
43%
4 Marquinhos
43%
19 Nicolás Otamendi
43%
4 Raphaël Varane
43%
Hiszpania 1 Robert Sánchez
43%
Portugalia 1 Rui Patrício
43%
Maroko 1 Yassine Bounou
43%
14 Adrien Rabiot
41%
14 Alejandro Balde
41%
24 Aymeric Laporte
41%
21 Domagoj Vida
41%
10 Granit Xhaka
41%
13 Guillermo Ochoa
41%
22 Hirving Lozano
41%
Dania 1 Kasper Schmeichel
41%
6 Krystian Bielik
41%
17 Leandro Trossard
41%
7 Lucas Paquetá
41%
8 Marcos Acuña
41%
11 Marcus Rashford
41%
2 Matty Cash
41%
21 Paulo Dybala
41%
3 Pepe
41%
7 Pervis Estupiñán
41%
3 Piero Hincapié
41%
18 Rúben Neves
41%
18 Bartosz Bereszyński
39%
10 Eden Hazard
39%
14 Éder Militão
39%
19 Iñaki Williams
39%
18 Jonny Williams
39%
12 Kieran Trippier
39%
20 Kingsley Coman
39%
18 Maxi Gómez
39%
3 Neco Williams
39%
2 Néstor Araujo
39%
12 Nico Williams
39%
17 Papu Gómez
39%
15 Rafael Leão
39%
12 Randal Kolo Muani
39%
9 Raúl Jiménez
39%
4 Ronald Araújo
39%
5 Sergio Busquets
39%
16 Thorgan Hazard
39%
8 Weston McKennie
39%
19 Wout Weghorst
39%
25 Xavi Simons
39%
7 Breel Embolo
36%
24 Callum Wilson
36%
8 Carlos Rodríguez
36%
20 Daniel James
36%
Urugwaj 1 Fernando Muslera
36%
18 Guido Rodríguez
36%
8 Harry Wilson
36%
20 Jonathan David
36%
2 José Giménez
36%
26 José Luis Rodríguez
36%
14 Kalvin Phillips
36%
11 Kamil Grosicki
36%
26 Kevin Rodríguez
36%
26 Marcus Thuram
36%
9 Niclas Füllkrug
36%
15 Niklas Süle
36%
19 Nuno Mendes
36%
13 Ricardo Rodriguez
36%
24 Roan Wilson
36%
4 Simon Kjær
36%
8 Youri Tielemans
36%
9 Aleksandar Mitrović
34%
9 Andrej Kramarić
34%
12 Danny Ward
34%
15 Fabinho
34%
12 Gerónimo Rulli
34%
21 Gregor Kobel
34%
11 João Félix
34%
24 Przemysław Frankowski
34%
13 Stefan Mitrović
34%
16 Steve Mandanda
34%
20 Yussuf Poulsen
34%
23 Aaron Ramsdale
32%
11 Akram Afif
32%
23 Alphonse Areola
32%
19 Borna Sosa
32%
11 Darwin Núñez
32%
3 David Raum
32%
6 Dejan Lovren
32%
3 Diego Godín
32%
22 Fabian Schär
32%
4 Gonzalo Montiel
32%
5 Jan Vertonghen
32%
26 Jeremie Frimpong
32%
12 Sebastián Sosa
32%
4 Sofyan Amrabat
32%
2 Strahinja Pavlović
32%
5 Thomas Partey
32%
23 Xherdan Shaqiri
32%
11 Yannick Carrasco
32%
10 Aaron Ramsey
30%
16 Bruno Petković
30%
17 Daley Blind
30%
2 Danilo
30%
17 Filip Kostić
30%
8 Koke
30%
5 Leandro Paredes
30%
24 Loïs Openda
30%
3 Nicolás Tagliafico
30%
11 Raphinha
30%
10 Vincent Aboubakar
30%
6 Wataru Endo
30%
6 William Pacho
30%
6 Alex Sandro
27%
15 Ángel Correa
27%
13 Danilo Pereira
27%
14 Davy Klaassen
27%
10 Dušan Tadić
27%
18 Gabriel Jesus
27%
24 Gabriel Martinelli
27%
9 Gue-sung Cho
27%
15 Héctor Moreno
27%
5 Idrissa Gueye
27%
13 Jakub Kamiński
27%
3 Juan Pablo Vargas
27%
19 Karim Benzema
27%
12 Kasper Dolberg
27%
Australia 1 Mathew Ryan
27%
26 Michał Skóraś
27%
20 Mohammed Kudus
27%
13 Nick Pope
27%
7 Nicolas Jackson
27%
12 Noa Lang
27%
26 Pape Gueye
27%
23 Pierre Højbjerg
27%
17 Ruben Vargas
27%
2 Sergiño Dest
27%
11 Steven Berghuis
27%
7 Steven Bergwijn
27%
11 Takefusa Kubo
27%
15 Thomas Meunier
27%
13 Youssouf Fofana
27%
24 Yu-min Cho
27%
20 Bryan Mbeumo
25%
13 Dani Alves
25%
2 Diogo Dalot
25%
26 Hiroki Itō
25%
5 Joakim Mæhle
25%
14 Junya Itō
25%
18 Kang-in Lee
25%
9 Kaoru Mitoma
25%
25 Manuel Ugarte
25%
19 Mason Mount
25%
USA 1 Matt Turner
25%
23 Nico Schlotterbeck
25%
25 Pedro
25%
5 Raphaël Guerreiro
25%
6 Romain Saïss
25%
16 Takehiro Tomiyasu
25%
21 Timothy Weah
25%
2 Toby Alderweireld
25%
16 Vitinha
25%
14 William Carvalho
25%
10 André Ayew
23%
5 Antonee Robinson
23%
3 Artur Jędrzejczyk
23%
6 Axel Witsel
23%
15 Christian Nørgaard
23%
6 Denis Zakaria
23%
8 Fred
23%
10 Jae-sung Lee
23%
2 Joachim Andersen
23%
9 Jordan Ayew
23%
22 Josip Juranović
23%
14 Mikkel Damsgaard
23%
18 Mislav Oršić
23%
24 Nasser Al-Dawsari
23%
3 Noussair Mazraoui
23%
10 Salem Al-Dawsari
23%
10 Takumi Minamino
23%
20 Teun Koopmeiners
23%
21 Timothy Castagne
23%
Walia 1 Wayne Hennessey
23%
17 Ali Gholizadeh
20%
19 Antony
20%
21 Ben White
20%
22 Bremer
20%
14 Connor Roberts
20%
3 Eric García
20%
6 João Palhinha
20%
2 Josip Stanišić
20%
13 Kieffer Moore
20%
7 Lovro Majer
20%
6 Marcos Llorente
20%
14 Marko Livaja
20%
23 Matheus Nunes
20%
23 Michy Batshuayi
20%
4 Nico Elvedi
20%
4 Nikola Milenković
20%
22 Pablo Sarabia
20%
6 Rodrigo Bentancur
20%
18 Shaq Moore
20%
13 Tim Ream
20%
4 Wout Faes
20%
19 Youssef En-Nesyri
20%
6 Yunus Musah
20%
13 Aaron Mooy
18%
22 Alexander Domínguez
18%
13 Atiba Hutchinson
18%
17 Bruno Guimarães
18%
2 César Azpilicueta
18%
14 Dries Mertens
18%
13 Eric Maxim Choupo-Moting
18%
15 Ethan Ampadu
18%
7 Giovanni Reyna
18%
9 Haris Seferović
18%
11 Hee-chan Hwang
18%
6 In-beom Hwang
18%
18 Ismaïla Sarr
18%
24 Josip Šutalo
18%
12 Kevin Trapp
18%
13 Koen Casteels
18%
25 Luka Sučić
18%
10 Marco Asensio
18%
11 Mario Götze
18%
15 Mario Pašalić
18%
9 Martin Braithwaite
18%
17 Pape Matar Sarr
18%
Holandia 1 Remko Pasveer
18%
8 Ritsu Doan
18%
17 Szymon Żurkowski
18%
16 Ui-jo Hwang
18%
21 Youssouf Sabaly
18%
8 André Anguissa
16%
11 Andreas Skov Olsen
16%
23 Andries Noppert
16%
17 Ante Budimir
16%
3 Arthur Theate
16%
3 Axel Disasi
16%
9 Brennan Johnson
16%
26 Conor Gallagher
16%
15 Daichi Kamada
16%
18 Diego Palacios
16%
21 Douglas López
16%
14 Exequiel Palacios
16%
Argentyna 1 Franco Armani
16%
10 Giorgian de Arrascaeta
16%
7 Joe Allen
16%
12 Joel Campbell
16%
15 Marten de Roon
16%
22 Maya Yoshida
16%
4 Mohammed Salisu
16%
12 Predrag Rajković
16%
25 Robert Gumny
16%
20 Sardar Azmoun
16%
12 Simon Mignolet
16%
18 Takuma Asano
16%
2 Tariq Lamptey
16%
8 Thomas Delaney
16%
3 Walker Zimmerman
16%
22 Abdou Diallo
14%
7 Alireza Jahanbakhsh
14%
21 Andreas Cornelius
14%
14 Andrija Živković
14%
25 Ansu Fati
14%
19 Carlos Soler
14%
16 Conor Coady
14%
25 Daizen Maeda
14%
25 Derek Cornelius
14%
17 Ellyes Skhiri
14%
25 Filip Mladenović
14%
6 Germán Pezzella
14%
19 Gonzalo Plata
14%
16 Héctor Herrera
14%
25 James Maddison
14%
6 Joe Rodon
14%
13 Justin Bijlow
14%
Ghana 1 Lawrence Ati-Zigi
14%
Serbia 1 Marko Dmitrović
14%
4 Mateusz Wieteska
14%
5 Nayef Aguerd
14%
13 Nikola Vlašić
14%
8 Remo Freuler
14%
11 Renato Steffen
14%
24 Robert Skov
14%
16 Saša Lukić
14%
25 Sean Johnson
14%
3 Silvan Widmer
14%
11 Tajon Buchanan
14%
16 Thiago Almada
14%
4 Tyler Adams
14%
16 Tyrell Malacia
14%
10 Wahbi Khazri
14%
12 Weverton
14%
26 Alexander Bah
11%
10 Alexis Vega
11%
16 Alex Telles
11%
8 Azzedine Ounahi
11%
12 Bum-keun Song
11%
2 Chris Gunter
11%
20 Christian Günter
11%
18 Daniel Amartey
11%
26 Éverton Ribeiro
11%
12 Fodé Ballo-Touré
11%
20 Hans Vanaken
11%
13 Iliman Ndiaye
11%
17 Jens Stryger Larsen
11%
17 João Mário
11%
15 Jordan Veretout
11%
17 Julian Brandt
11%
12 Karl Toko Ekambi
11%
24 Kenneth Taylor
11%
14 Lucas Torreira
11%
22 Martín Cáceres
11%
7 Mathias Jensen
11%
6 Mattéo Guendouzi
11%
26 Matthew Smith
11%
4 Matthias Ginter
11%
18 Milan Borjan
11%
26 Min-kyu Song
11%
10 Moussa N'Diaye
11%
17 Sofiane Boufal
11%
25 Yahia Attiyat Allah
11%
18 Andrés Guardado
9%
26 Ardon Jashari
9%
8 Cheikhou Kouyaté
9%
17 Cyle Larin
9%
18 Daniel Wass
9%
15 Djibril Sow
9%
15 Eric Dier
9%
22 Frederik Rønnow
9%
7 Georges-Kévin N’Koudou
9%
9 Issam Jebali
9%
12 Ivo Grbić
9%
9 Jesús Ferreira
9%
12 Jonas Omlin
9%
19 Jonas Wind
9%
21 Jonathan Osorio
9%
24 Karim Adeyemi
9%
19 Leander Dendoncker
9%
11 Luka Jović
9%
16 Lukas Klostermann
9%
7 Mathew Leckie
9%
16 Mathías Olivera
9%
14 Michel Aebischer
9%
8 Nemanja Gudelj
9%
19 Noah Okafor
9%
4 Pape Abou Cissé
9%
11 Rogelio Funes Mori
9%
20 Sebas Méndez
9%
23 Sergio Rochet
9%
7 Stephen Eustáquio
9%
18 Vincent Janssen
9%
26 Youssoufa Moukoko
9%
26 Zeno Debast
9%
3 Abdelkarim Hassan
7%
15 Ali Al-Hassan
7%
2 Alistair Johnston
7%
8 Bailey Wright
7%
3 Borna Barišić
7%
11 Brenden Aaronson
7%
20 Cameron Carter-Vickers
7%
5 Chris Mepham
7%
23 Craig Goodwin
7%
8 Facundo Pellistri
7%
19 Haji Wright
7%
8 Hannibal Mejbri
7%
15 Ismaël Koné
7%
24 Ivan Ilić
7%
22 Jackson Irvine
7%
5 Johan Vásquez
7%
4 Keysher Fuller
7%
4 Kō Itakura
7%
5 Martin Erlić
7%
5 Miloš Veljković
7%
15 Mitchell Duke
7%
26 Mouez Hassen
7%
6 Nemanja Maksimović
7%
7 Nemanja Radonjić
7%
7 Nicolás de la Cruz
7%
25 Otávio
7%
11 Pathé Ciss
7%
11 Saleh Al-Shehri
7%
15 Srđan Babić
7%
5 Thilo Kehrer
7%
19 Uroš Račić
7%
3 Victor Nelsson
7%
17 Yeremi Pino
7%
21 Yousef Hassan
7%
5 Yuto Nagatomo
7%
15 Aaron Long
5%
9 Abderrazak Hamdallah
5%
6 Abdulaziz Hatem
5%
23 Alfred Gomis
5%
17 Ángelo Preciado
5%
25 Antoine Semenyo
5%
21 Ayase Ueda
5%
9 Ayrton Preciado
5%
Senegal 1 Bamba Dieng
5%
22 Bechir Ben Saïd
5%
22 Charles De Ketelaere
5%
16 Christian Fassnacht
5%
14 Chul Hong
5%
22 DeAndre Yedlin
5%
Japonia 1 Eiji Kawashima
5%
18 Eray Cömert
5%
12 Ethan Horvath
5%
19 Famara Diédhiou
5%
13 Ferjani Sassi
5%
10 Hassan Al-Haydos
5%
14 Homam Ahmed
5%
14 Ismail Jakobs
5%
23 Ivica Ivušić
5%
9 Jamie Maclaren
5%
18 Jawad El Yamiq
5%
16 Jeremy Sarmiento
5%
25 Jesper Lindstrøm
5%
18 Jonas Hofmann
5%
15 Joseph Aidoo
5%
24 Josh Sargent
5%
2 Juan Foyth
5%
12 Karim Boudiaf
5%
23 Kellyn Acosta
5%
15 Krépin Diatta
5%
5 Matías Vecino
5%
22 Meshaal Barsham
5%
15 Mohamed Ali Ben Romdhane
5%
9 Mohammed Muntari
5%
12 Moisés Ramírez
5%
7 Salman Al-Faraj
5%
14 Saman Ghoddos
5%
19 Sebastián Coates
5%
20 Seny Dieng
5%
5 Steven Vitória
5%
24 Yūki Sōma
5%
16 Abde Ezzalzouli
2%
7 Abdul Fatawu Issahaku
2%
20 Achraf Dari
2%
7 Ahmed Alaaeldin
2%
22 Ahmed Reda Tagnaouti
2%
10 Ajdin Hrustić
2%
23 Alexander Djiku
2%
Meksyk 1 Alfredo Talavera
2%
24 Ali Abdi
2%
Iran 1 Alireza Beiranvand
2%
12 Andrew Redmayne
2%
15 Ángel Mena
2%
17 Ao Tanaka
2%
25 Armel Bella-Kotchap
2%
23 Assim Madibo
2%
16 Aymen Dahmen
2%
Tunezja 1 Aymen Mathlouthi
2%
17 Baba Rahman
2%
15 Bassam Al-Rawi
2%
24 Ben Cabango
2%
23 Bilal El Khannouss
2%
16 Boualem Khoukhi
2%
8 Bryan Oviedo
2%
8 Carlos Gruezo
2%
5 Celso Borges
2%
3 César Montes
2%
11 Christian Bassogog
2%
19 Collins Fai
2%
23 Daniel Schmidt
2%
18 Danny Vukovic
2%
Kanada 1 Dayne St. Clair
2%
3 Denis Odoi
2%
16 Devis Epassy
2%
6 Dylan Bronn
2%
3 Ehsan Hajsafi
2%
20 Fabian Frei
2%
9 Firas Al-Buraikan
2%
7 Gaku Shibasaki
2%
13 Guillermo Varela
2%
19 Harry Souttar
2%
Ekwador 1 Hernán Galíndez
2%
19 Hiroki Sakai
2%
24 Hossein Hosseini
2%
15 Hugo Guillamón
2%
12 Iké Ugbo
2%
17 Ismaeel Mohammad
2%
25 Jassem Gaber
2%
21 Jean-Charles Castelletto
2%
9 Jean-Pierre Nsame
2%
23 Jesús Gallardo
2%
24 Joel King
2%
16 Joe Morrell
2%
26 Joe Scally
2%
5 José Cifuentes
2%
10 Junior Hoilett
2%
22 Kamaldeen Sulemana
2%
4 Kamal Miller
2%
19 Kendall Waston
2%
26 Kristijan Jakić
2%
24 Luis Chávez
2%
7 Luis Romo
2%
19 Majid Hosseini
2%
19 Mark Harris
2%
17 Matías Viña
2%
11 Michael Estrada
2%
2 Miki Yamane
2%
2 Milos Degenek
2%
23 Mohamed Kanno
2%
21 Mohammed Al-Owais
2%
Arabia Saudyjska 1 Mohammed Al-Rubaie
2%
4 Mohammed Waad
2%
8 Morteza Pouraliganji
2%
24 Moustapha Name
2%
12 Munir Mohand
2%
13 Musab Kheder
2%
23 Naïm Sliti
2%
3 Nathaniel Atkinson
2%
18 Nawaf Al-Abed
2%
22 Nawaf Al-Aqidi
2%
3 Nicolas N’Koulou
2%
22 Olivier Ntcham
2%
17 Orbelín Pineda
2%
11 Osman Bukari
2%
12 Paiam Niazmand
2%
24 Philipp Köhn
2%
21 Ricardo Horta
2%
22 Richie Laryea
2%
12 Rodolfo Cota
2%
25 Rubin Colwill
2%
Katar 1 Saad Al-Sheeb
2%
20 Salem Al-Hajri
2%
21 Salis Abdul Samed
2%
3 Sam Adekugbe
2%
6 Samuel Piette
2%
12 Saud Abdulhamid
2%
19 Seifeddine Jaziri
2%
15 Selim Amallah
2%
3 Shogo Taniguchi
2%
12 Shūichi Gonda
2%
Kamerun 1 Simon Ngapandouetnbu
2%
22 Sorba Thomas
2%
5 Tarek Salman
2%
17 Tom Lockyer
2%
21 Uriel Antuna
2%
11 Wahid Amiri
2%
21 Walid Cheddira
2%
5 Woo-young Jung
2%
13 Yasser Al-Shahrani
2%
7 Youssef Msakni
2%
11 Abdelhamid Sabiri
0%
4 Abdulelah Al-Amri
0%
8 Abdulellah Al-Malki
0%
3 Abdullah Madu
0%
14 Abdullah Otayf
0%
16 Abdul Manaf Nurudeen
0%
20 Abdulrahman Al-Aboud
0%
25 Abolfazl Jalali
0%
24 Agustín Canobbio
0%
21 Ahmad Nurollahi
0%
14 Aïssa Laïdouni
0%
21 Alan Franco
0%
5 Ali Al-Bulaihi
0%
8 Ali Assadalla
0%
26 Alidu Seidu
0%
18 Ali Karimi
0%
12 Ali Maâloul
0%
26 Álvaro Zamora
0%
22 Amir Abedzade
0%
10 Anass Zaroury
0%
25 Anis Ben Slimane
0%
7 Anthony Contreras
0%
11 Awer Mabil
0%
16 Aziz Behich
0%
24 Badr Banoun
0%
2 Bilel Ifa
0%
20 Brandon Aguilera
0%
17 Cameron Devlin
0%
22 Chang-hoon Kwon
0%
4 Christopher Wooh
0%
17 Cristian Roldan
0%
13 Daniel Afriyie
0%
2 Daniel Chacón
0%
8 Daniel-Kofi Kyereh
0%
22 Darko Lazović
0%
24 David Wotherspoon
0%
24 Djorkaeff Reasco
0%
23 Dylan Levitt
0%
6 Elisha Owusu
0%
24 Enzo Ebosse
0%
18 Esteban Alvarado
0%
25 Fabian Rieder
0%
21 Filip Đuričić
0%
15 Francisco Calvo
0%
5 Fran Karačić
0%
5 Gaël Ondoua
0%
21 Garang Kuol
0%
6 Gerardo Arteaga
0%
18 Ghailene Chaalali
0%
14 Gideon Mensah
0%
25 Haitham Asiri
0%
17 Hassan Tambakti
0%
19 Hattan Bahebri
0%
13 Hidemasa Morita
0%
13 Hossein Kananizadegan
0%
12 Ibrahim Danlad
0%
13 Ilias Chair
0%
25 Jackson Porozo
0%
16 James Pantemis
0%
25 Jason Cummings
0%
2 Jerome Ngom Mbekeli
0%
9 Jewison Bennette
0%
26 Joel Waterman
0%
11 Johan Venegas
0%
2 Jong-gyu Yoon
0%
16 Jordan Morris
0%
24 Kamal Sowah
0%
10 Karim Ansarifard
0%
26 Keanu Baccus
0%
18 Khalid Muneer
0%
4 Kye Rowles
0%
20 Kyung-won Kwon
0%
8 Liam Fraser
0%
23 Liam Millar
0%
9 Lucas Cavallini
0%
25 Mamadou Loum
0%
6 Marco Tilio
0%
14 Mark-Anthony Kaye
0%
26 Marko Grujić
0%
18 Martin Hongla
0%
16 Mehdi Torabi
0%
5 Milad Mohammadi
0%
20 Mohamed Dräger
0%
6 Mohammed Al-Breik
0%
3 Montassar Talbi
0%
26 Mostafa Meshaal
0%
6 Moumi Ngamaleu
0%
5 Nader Ghandri
0%
24 Naif Al-Hadhrami
0%
25 Nouhou Tolo
0%
17 Olivier Mbaizo
0%
6 Óscar Duarte
0%
23 Patrick Sequeira
0%
15 Pierre Kunde
0%
23 Ramin Rezajijan
0%
14 Riley McGree
0%
26 Riyadh Sharahili
0%
4 Robert Arboleda
0%
25 Roberto Alvarado
0%
10 Romario Ibarra
0%
22 Rónald Matarrita
0%
15 Ruzbe Cheshmi
0%
2 Sadegh Moharrami
0%
6 Sa’id Ezzatollahi
0%
16 Sami Al-Najei
0%
14 Samuel Gouet
0%
8 Seung-ho Paik
0%
4 Shoja Khalizadekh
0%
20 Shuto Machino
0%
26 Souaibou Marou
0%
3 Strahinja Eraković
0%
2 Sultan Al-Ghannam
0%
11 Taha Yassine Khenissi
0%
20 Thomas Deng
0%
21 Wajdi Kechrida
0%
25 Woo-yeong Jeong
0%
14 Xavier Arreaga
0%
26 Yahya Jabrane
0%
4 Yassine Meriah
0%
17 Yeltsin Tejeda
0%
14 Youstin Salas
0%
14 Zakaria Aboukhlal
0%
Nie znaleziono quizów pasujących do podanych kryteriów
Rozkład punktacji
Procent ludzi z każdym wynikiem
Percentyl według liczby udzielonych odpowiedzi
Twoja historia wyników
Nie rozwiązałeś tego quizu